00826nam a2200181 a 450000100100000000500170001000800410002704000250006808200150009310000430010824500990015126000340025030000210028450002000030504900090050595201130051499900170062700002929420200930055445.0110413s1984 dr 000 | spa d aDO-SdBNPbspacBNPHU axxxxbE77r1 aEsquea Guerrero, Emmanuel,d19449847213aEl régimen jurídico de las aguas en la República Dominicana /cEmmanuel Esquea Guerrero. aSanto Domingo :bONAP,c1984. a15 cm. ;c21 cm. aDiscurso pronunciado por el Dr. Emmanuel Esquea Guerrero, Consultor Jurídico del Poder Ejecutivo, con motivo del décimo aniversario del Instituto Nacional de Recursos Hidráulicos (INDRHI) . aBNPD 0010718PDaPDbPDcCTd2011-04-14iLF1l0oxxxx E77rp29294-10r2020-06-25w2020-06-25yLFPDZNo se presta c28786d28786